Heat transfer (Record no. 3641)

000 -LEADER
fixed length control field 00564nam a2200229 a 4500
001 - CONTROL NUMBER
control field 3641
003 - CONTROL NUMBER IDENTIFIER
control field BD-DhUET
008 - FIXED-LENGTH DATA ELEMENTS--GENERAL INFORMATION
fixed length control field 960506s1997 nyua b 001 0 eng
020 ## - INTERNATIONAL STANDARD BOOK NUMBER
International Standard Book Number 0071143203
020 ## - INTERNATIONAL STANDARD BOOK NUMBER
International Standard Book Number 0078447852
040 ## - CATALOGING SOURCE
Original cataloging agency DLC
Transcribing agency DLC
Modifying agency BD-DhUET
082 00 - DEWEY DECIMAL CLASSIFICATION NUMBER
Classification number 621.011
Item number HOL/1997
100 1# - MAIN ENTRY--PERSONAL NAME
Personal name Holman, J. P.
245 10 - TITLE STATEMENT
Title Heat transfer
250 ## - EDITION STATEMENT
Edition statement 8th ed.
260 ## - PUBLICATION, DISTRIBUTION, ETC. (IMPRINT)
Place of publication, distribution, etc. New York
Name of publisher, distributor, etc. McGraw-Hill
Date of publication, distribution, etc. 1997
300 ## - PHYSICAL DESCRIPTION
Extent xviii, 696 p.
Other physical details ill.
490 ## - SERIES STATEMENT
Series statement Schaum's outline series
504 ## - BIBLIOGRAPHY, ETC. NOTE
Bibliography, etc Includes bibliographies
650 #0 - SUBJECT ADDED ENTRY--TOPICAL TERM
Topical term or geographic name as entry element Heat transfer
942 ## - ADDED ENTRY ELEMENTS (KOHA)
Koha item type General Book
Holdings
Sublocation or collection (holding branch) Koha date last seen Copy number Koha date last borrowed Withdrawn status Not for loan Damaged status Koha out on loan Source of classification or shelving scheme Koha item type Price effective from Piece designation (barcode) Date acquired Shelving location Koha issues (times borrowed) Lost status Koha normalized classification for sorting Location (home branch) Koha full call number
Central Library, BUET2025-04-2712025-04-27   2025-05-11 General Book2014-11-03924502014-11-03Circulation section3 621_011000000000000_HOL_1997Central Library, BUET621.011/HOL/1997
Central Library, BUET2014-11-032      General Book2014-11-03924522014-11-03Circulation section  621_011000000000000_HOL_1997Central Library, BUET621.011/HOL/1997
Central Library, BUET2016-07-303      General Book2014-11-03924532014-11-03Circulation section  621_000000000000000_011HOL1997Central Library, BUET621.011/HOL/1997
Central Library, BUET2022-06-0842022-01-09     General Book2014-11-03924542014-11-03Circulation section1 621_000000000000000_011HOL1997Central Library, BUET621.011/HOL/1997
Central Library, BUET2024-10-2852024-10-02     General Book2014-11-03924552014-11-03Circulation section2 621_000000000000000_011HOL1997Central Library, BUET621.011/HOL/1997
Central Library, BUET2024-08-3162023-12-10     General Book2014-11-03924572014-11-03Circulation section3 621_000000000000000_011HOL1997Central Library, BUET621.011/HOL/1997
Central Library, BUET2014-11-037      General Book2014-11-03924592014-11-03Circulation section  621_000000000000000_011HOL1997Central Library, BUET621.011/HOL/1997
Central Library, BUET2024-08-2882024-03-12     General Book2014-11-03924602014-11-03Circulation section1 621_011000000000000_HOL_1997Central Library, BUET621.011/HOL/1997
Central Library, BUET2024-06-2292024-04-08     General Book2014-11-03924612014-11-03Circulation section1 621_000000000000000_011HOL1997Central Library, BUET621.011/HOL/1997
Central Library, BUET2025-03-12102024-12-10     General Book2014-11-03924622014-11-03Circulation section5 621_000000000000000_011HOL1997Central Library, BUET621.011/HOL/1997
Central Library, BUET2017-05-03112015-03-04     General Book2014-11-03924642014-11-03Circulation section1 621_000000000000000_011HOL1997Central Library, BUET621.011/HOL/1997
Central Library, BUET2019-07-10122019-06-17     General Book2014-11-03924652014-11-03Circulation section3 621_000000000000000_011HOL1997Central Library, BUET621.011/HOL/1997
Central Library, BUET2022-06-08132022-05-24     General Book2014-11-03924662014-11-03Circulation section3 621_000000000000000_011HOL1997Central Library, BUET621.011/HOL/1997
Central Library, BUET2015-04-1214      General Book2015-04-12924682015-04-12Circulation section  621_011000000000000_HOL_1997Central Library, BUET621.011 HOL/1997
Central Library, BUET2015-07-0215      Reading Item2015-07-02924472015-07-02Reading section  621_011000000000000_HOL_1997Central Library, BUET621.011/HOL/1997
Central Library, BUET2015-07-0916      Reading Item2015-07-09924462015-07-09Reading section  621_011000000000000_HOL_1997Central Library, BUET621.011/HOL/1997